| 000 | 00868nas a2200289 4500 | ||
|---|---|---|---|
| 001 | BR9804739 | ||
| 003 | BR-BrBNA | ||
| 005 | 20231205101120.0 | ||
| 007 | ta | ||
| 008 | 230509b bl.|||p| |||| 00| 00por d | ||
| 040 |
_aBR-BrBNA _bpor _cBiblioteca Nacional de Agricultura |
||
| 041 | _a(Pt) | ||
| 072 | _aL73 | ||
| 100 | 1 | _aPereira, W.L.A. | |
| 100 | 1 | _aSouza, N.F. de | |
| 100 | 1 | _aSantos, A.V.L. dos | |
| 100 | 1 | _aSardinha, A.S.A. | |
| 245 | 1 | _aPiometra associada a adenocarcinoma ovariano papilifero em cadela - relato de caso | |
| 650 | _aCao | ||
| 650 | _aFemea | ||
| 650 | _aOvario | ||
| 650 | _aAnemia Infecciosa | ||
| 650 | _aCancer | ||
| 773 | 0 |
_tBoletim da Faculdade de Ciencias Agrarias do Para (Brazil) _xISSN 0100-2694 _g(Jul-Dec 1995), (no. 24) p. 103-110 _wBR9804739 |
|
| 909 |
_a202311 _bLúcia _c55 _dLúcia Elande |
||
| 942 |
_2AGRIS _n0 _cANA |
||
| 999 |
_c159824 _d159824 |
||